000 00717nam a2200193Ia 4500
003 GCL
008 140319s9999 xx 000 0 ara d
040 _aGCL /
_cGCL
082 0 4 _a792.015
_bا خ
100 1 _aابراهيم عبدالله غلوم
245 1 0 _aالخاصية المنفردة فى الخطاب المسرحى :
_bدراسات نقدية /
_cابراهيم عبدالله غلوم
250 _aالاولى
260 _aالامارات :
_bمنشورات المجمع الثقافى ،
_c1997
300 _a359 ص ؛
_c24 سم
650 0 4 _aالمسرح - نقد
650 0 4 _aالمسرحيات العربية - تاريخ ونقد
650 0 4 _aمسرح الاطفال
942 _2ddc
_cBK
999 _c5338
_d5338